[Event "Tradewise Gibraltar 2016 - Chalengers A"]
[Site "Gibraltar ENG"]
[Date "2016.01.27"]
[Round "3.4"]
[White "Burrows, Zachary"]
[Black "Omoifo, Osemekhian I"]
[Result "1/2-1/2"]
[WhiteElo "2074"]
[BlackElo "2106"]
[PlyCount "156"]
[EventDate "2016.01.25"]
[EventType "swiss"]
[EventRounds "5"]
[EventCountry "ENG"]
[Source "lmi"]
[SourceDate "2016.01.25"]

1. d4 Nf6 2. Bf4 g6 3. Nf3 Bg7 4. e3 O-O 5. Bd3 c5 6. c3 b6 7. Nbd2 Bb7 8. O-O
Nc6 9. Re1 d6 10. Nf1 Re8 11. Bb5 a6 12. Ba4 b5 13. Bc2 Nh5 14. Bg5 h6 15. Bh4
Qb6 16. Rb1 Rac8 17. N1d2 Nf6 18. Ne4 Nxe4 19. Bxe4 b4 20. Bg3 a5 21. d5 Nb8
22. c4 Nd7 23. Qc2 Nf8 24. Bd3 Ra8 25. e4 e5 26. Nd2 Nd7 27. Qd1 Nf6 28. h3 Nh5
29. Bh2 Bc8 30. Be2 Nf4 31. Bxf4 exf4 32. Bg4 Ba6 33. Bd7 Re7 34. Bc6 Rf8 35.
Qg4 g5 36. h4 Bc8 37. Qh5 g4 38. e5 dxe5 39. Ne4 Rd8 40. Rbd1 Ra7 41. Re2 f5
42. Nd2 e4 43. Nxe4 fxe4 44. Rxe4 Rf7 45. Rde1 Qc7 46. Qg6 Rdf8 47. Re8 Bf5 48.
Qh5 Qd6 49. Rxf8+ Rxf8 50. b3 Qg6 51. Qxg6 Bxg6 52. Bd7 g3 53. Be6+ Kh8 54.
fxg3 fxg3 55. d6 Bd4+ 56. Kh1 Bc3 57. Rg1 Rf2 58. d7 Bf6 59. Re1 Bd3 60. Kg1
Kg7 61. Bg4 Bxh4 62. Rd1 Bd8 63. Rxd3 Rxa2 64. Rxg3 Rd2 65. Bf5+ Kf6 66. Rf3
Ke5 67. Kh2 Kd6 68. Kh3 Kc7 69. g4 Kb6 70. Re3 Bc7 71. g5 hxg5 72. Rd3 Rxd3+
73. Bxd3 Kc6 74. Bf5 Kd6 75. Kg4 Bd8 76. Kf3 Ke5 77. Be4 a4 78. bxa4 Kd4
1/2-1/2

[Event "Tradewise Gibraltar 2016 - Chalengers A"]
[Site "Gibraltar ENG"]
[Date "2016.01.27"]
[Round "3.5"]
[White "Pinho, Paulo"]
[Black "Hamer, Martyn"]
[Result "0-1"]
[WhiteElo "2197"]
[BlackElo "2058"]
[PlyCount "86"]
[EventDate "2016.01.25"]
[EventType "swiss"]
[EventRounds "5"]
[EventCountry "ENG"]
[Source "lmi"]
[SourceDate "2016.01.25"]

1. d4 Nf6 2. c4 g6 3. Nc3 Bg7 4. e4 d6 5. Nf3 O-O 6. Be2 e5 7. O-O Nc6 8. d5
Ne7 9. Ne1 Nd7 10. Be3 f5 11. f3 f4 12. Bf2 g5 13. a4 Ng6 14. a5 a6 15. b4 Nf6
16. c5 Rf7 17. Rc1 Bf8 18. Nd3 h5 19. cxd6 cxd6 20. Na4 g4 21. Nb6 Rb8 22. Nxc8
Rxc8 23. fxg4 Rxc1 24. Nxc1 hxg4 25. Bxg4 Nxg4 26. Qxg4 Rg7 27. Nd3 Qe8 28. Rc1
Qb5 29. Qe6+ Kh8 30. Rc3 Be7 31. Ne1 Nf8 32. Rh3+ Nh7 33. Qc8+ Rg8 34. Qf5 Rg7
35. Rc3 Qxb4 36. Rc8+ Rg8 37. Rc7 Rg7 38. Qc8+ Bf8 39. Rc4 Qxa5 40. Nf3 Qb5 41.
h4 Qd7 42. Qb8 Qg4 43. Ng5 f3 0-1

[Event "Tradewise Gibraltar 2016 - Chalengers A"]
[Site "Gibraltar ENG"]
[Date "2016.01.27"]
[Round "3.6"]
[White "Schouten, Freek"]
[Black "Walton, Alan J"]
[Result "1/2-1/2"]
[WhiteElo "2053"]
[BlackElo "2206"]
[PlyCount "52"]
[EventDate "2016.01.25"]
[EventType "swiss"]
[EventRounds "5"]
[EventCountry "ENG"]
[Source "lmi"]
[SourceDate "2016.01.25"]

1. Nf3 f5 2. d4 Nf6 3. g3 e6 4. Bg2 Be7 5. O-O O-O 6. c4 d6 7. b4 Ne4 8. Bb2
Bf6 9. Nfd2 Nxd2 10. Qxd2 e5 11. dxe5 dxe5 12. Rd1 Qxd2 13. Nxd2 c6 14. b5 Be6
15. a4 a6 16. bxc6 Nxc6 17. Bd5 Rfe8 18. Nb3 Rac8 19. Bxe6+ Rxe6 20. Rd7 Re7
21. Rad1 Rc7 22. Rxe7 Nxe7 23. c5 Nc6 24. e3 Kf7 25. Bc3 Ke7 26. Kf1 Rd7
1/2-1/2

[Event "Tradewise Gibraltar 2016 - Chalengers A"]
[Site "Gibraltar ENG"]
[Date "2016.01.27"]
[Round "3.7"]
[White "Campbell, Charles"]
[Black "Ungureanu, Sandu"]
[Result "1-0"]
[WhiteElo "2157"]
[BlackElo "2051"]
[PlyCount "89"]
[EventDate "2016.01.25"]
[EventType "swiss"]
[EventRounds "5"]
[EventCountry "ENG"]
[Source "lmi"]
[SourceDate "2016.01.25"]

1. d4 Nf6 2. Nf3 c5 3. d5 d6 4. c4 e5 5. Nc3 g6 6. g3 Bg7 7. Bg2 O-O 8. O-O Ne8
9. e4 f5 10. exf5 gxf5 11. Ng5 e4 12. Qh5 Nf6 13. Qh4 Na6 14. f3 exf3 15. Bxf3
Nc7 16. Re1 Rb8 17. Ne6 Bxe6 18. dxe6 Re8 19. Bg5 h6 20. Bxh6 Nxe6 21. Bg5 Nxg5
22. Qxg5 Ne4 23. Qxf5 Nxc3 24. bxc3 Qf6 25. Qh5 Rxe1+ 26. Rxe1 Qh6 27. Bd5+ Kh8
28. Re8+ Rxe8 29. Qxe8+ Bf8 30. Qf7 Qg7 31. Qh5+ Qh6 32. Qxh6+ Bxh6 33. Bxb7
Bd2 34. h4 Bxc3 35. Kf2 Kg7 36. g4 Kf6 37. Kf3 Be1 38. g5+ Kf5 39. Bc8+ Ke5 40.
Kg4 d5 41. cxd5 c4 42. Ba6 Kxd5 43. h5 Kd4 44. Bxc4 Kxc4 45. g6 1-0

[Event "Tradewise Gibraltar 2016 - Chalengers A"]
[Site "Gibraltar ENG"]
[Date "2016.01.27"]
[Round "3.8"]
[White "Milnes, Anthony C P"]
[Black "Severijnen, Arjon"]
[Result "0-1"]
[WhiteElo "2038"]
[BlackElo "2151"]
[PlyCount "66"]
[EventDate "2016.01.25"]
[EventType "swiss"]
[EventRounds "5"]
[EventCountry "ENG"]
[Source "lmi"]
[SourceDate "2016.01.25"]

1. f4 e5 2. e4 d5 3. exd5 exf4 4. Bc4 Qh4+ 5. Kf1 f3 6. d3 fxg2+ 7. Kxg2 Bg4 8.
Qd2 Bc5 9. Qf4 Bd6 10. Qg5 Qxg5 11. Bxg5 h6 12. Bh4 f5 13. Nc3 a6 14. Nf3 Bxf3+
15. Kxf3 g5 16. Bf2 Nd7 17. Bd4 Rh7 18. Rae1+ Ne7 19. Kg2 O-O-O 20. Rhf1 Rf8
21. Re6 h5 22. Be3 Rg8 23. Bf2 h4 24. d4 Ng6 25. Kh1 Rf7 26. Rfe1 Kd8 27. Be3
Ne7 28. Bb3 g4 29. Nd1 f4 30. Bg1 g3 31. hxg3 hxg3 32. Rxe7 Bxe7 33. d6 g2+ 0-1

[Event "Tradewise Gibraltar 2016 - Chalengers A"]
[Site "Gibraltar ENG"]
[Date "2016.01.27"]
[Round "3.9"]
[White "Osuna Vega, Enrique"]
[Black "Mottonen, Ari"]
[Result "1-0"]
[WhiteElo "2127"]
[BlackElo "1981"]
[PlyCount "31"]
[EventDate "2016.01.25"]
[EventType "swiss"]
[EventRounds "5"]
[EventCountry "ENG"]
[Source "lmi"]
[SourceDate "2016.01.25"]

1. e4 c6 2. d4 d5 3. e5 Bf5 4. Nf3 e6 5. Be2 Nd7 6. O-O Bg6 7. Be3 f6 8. c4 Ne7
9. Nc3 Nf5 10. cxd5 cxd5 11. Bf4 Be7 12. g4 Nh6 13. exf6 Nxf6 14. Bb5+ Kf8 15.
Ng5 Qb6 16. Bc7 1-0

[Event "Tradewise Gibraltar 2016 - Chalengers A"]
[Site "Gibraltar ENG"]
[Date "2016.01.27"]
[Round "3.10"]
[White "Samaganova, Alexandra"]
[Black "Dolzhikova, Olga"]
[Result "0-1"]
[WhiteElo "1992"]
[BlackElo "2126"]
[PlyCount "102"]
[EventDate "2016.01.25"]
[EventType "swiss"]
[EventRounds "5"]
[EventCountry "ENG"]
[Source "lmi"]
[SourceDate "2016.01.25"]

1. c4 e5 2. e3 Nc6 3. a3 d6 4. Nc3 g6 5. Nf3 f5 6. d4 e4 7. Nd2 Nf6 8. b4 Bg7
9. Qb3 O-O 10. b5 Ne7 11. Be2 Kh8 12. h4 Be6 13. h5 Nxh5 14. Bxh5 gxh5 15. Rxh5
d5 16. cxd5 Bf7 17. Rh3 Nxd5 18. Nxd5 Bxd5 19. Qb4 f4 20. Nf1 Be6 21. Rh2 Rf7
22. Bb2 a6 23. Rd1 Bd5 24. exf4 axb5 25. Ne3 c6 26. g3 Bf8 27. Qc3 Ra4 28. Rh5
Rd7 29. Ng4 b4 30. Qe3 bxa3 31. Bc3 b5 32. Ne5 Rg7 33. f5 Qf6 34. g4 b4 35. Ba1
b3 36. Ng6+ Rxg6 37. fxg6 Qxg6 38. Qf4 Qg7 39. Rg5 Qe7 40. Re5 Qb4+ 41. Kf1 Ra7
42. Qf6+ Bg7 43. Re8+ Bg8 44. Qe6 Qb5+ 45. Kg1 Bf8 46. Rxf8 Qg5 47. d5+ b2 48.
Qf6+ Qxf6 49. Rxf6 bxa1=Q 50. Rxa1 Bxd5 51. Kf1 a2 0-1

[Event "Tradewise Gibraltar 2016 - Chalengers A"]
[Site "Gibraltar ENG"]
[Date "2016.01.27"]
[Round "3.11"]
[White "Mashayekh, Majid"]
[Black "Burrows, Martin P"]
[Result "0-1"]
[WhiteElo "1945"]
[BlackElo "2115"]
[PlyCount "122"]
[EventDate "2016.01.25"]
[EventType "swiss"]
[EventRounds "5"]
[EventCountry "ENG"]
[Source "lmi"]
[SourceDate "2016.01.25"]

1. d4 Nf6 2. Nf3 g6 3. c4 Bg7 4. Nc3 O-O 5. e4 d6 6. Be2 e5 7. dxe5 dxe5 8.
Qxd8 Rxd8 9. Bg5 Re8 10. Rd1 c6 11. O-O h6 12. Bh4 Nbd7 13. Ne1 Nc5 14. f3 Ne6
15. Nc2 Nh5 16. Bf2 Nhf4 17. Rfe1 Bf8 18. Bf1 Bc5 19. g3 Nh5 20. b4 Bf8 21. Rd3
a5 22. b5 Nc5 23. Rdd1 Be6 24. Ne3 Nf6 25. Rb1 Rec8 26. bxc6 bxc6 27. Red1 Rab8
28. Rxb8 Rxb8 29. Rb1 Rb4 30. Nc2 Rxb1 31. Nxb1 Na6 32. a3 Bc5 33. Nc3 Bxf2+
34. Kxf2 Nc5 35. Ke3 Ne8 36. f4 f6 37. Be2 Nd6 38. Ne1 Bxc4 39. fxe5 fxe5 40.
Nd3 Nxd3 41. Bxd3 Kf7 42. Na4 Bxd3 43. Kxd3 Nb5 44. Kc4 Nxa3+ 45. Kc5 Nb5 46.
Kxc6 Nd4+ 47. Kd5 Nf3 48. h4 g5 49. hxg5 hxg5 50. g4 Kg6 51. Nc5 Nh2 52. Kxe5
Nxg4+ 53. Kd4 Kf6 54. Nd7+ Ke7 55. Nc5 Nf6 56. e5 Nd7 57. Ne4 g4 58. Ng3 Ke6
59. Ne4 Nxe5 60. Nc5+ Kf5 61. Ke3 g3 0-1

[Event "Tradewise Gibraltar 2016 - Chalengers A"]
[Site "Gibraltar ENG"]
[Date "2016.01.27"]
[Round "3.12"]
[White "Kandic, Milan"]
[Black "Suez-Panama, Gilles"]
[Result "1-0"]
[WhiteElo "2109"]
[BlackElo "2032"]
[PlyCount "101"]
[EventDate "2016.01.25"]
[EventType "swiss"]
[EventRounds "5"]
[EventCountry "ENG"]
[Source "lmi"]
[SourceDate "2016.01.25"]

1. e4 e6 2. d4 d5 3. Nc3 Nf6 4. Bg5 Be7 5. e5 Nfd7 6. Bxe7 Qxe7 7. f4 O-O 8.
Nf3 c5 9. dxc5 Qxc5 10. Qd2 Nc6 11. O-O-O Nb6 12. Kb1 Bd7 13. Bd3 f6 14. exf6
Rxf6 15. Rhf1 Rc8 16. g4 Na5 17. Ne5 Nac4 18. Bxc4 Nxc4 19. Nxc4 Qxc4 20. Qd4
Qxd4 21. Rxd4 Bc6 22. g5 e5 23. Rxd5 Rxf4 24. Rdd1 Rcf8 25. Rfe1 Re8 26. Kc1
Kf7 27. Rd6 Re6 28. Rd8 Kg6 29. Rg1 Rh4 30. Rd2 Rh5 31. Re1 Rxg5 32. Nd5 Bxd5
33. Rxd5 e4 34. Rxg5+ Kxg5 35. Rg1+ Kf6 36. Kd2 g5 37. Ke3 h6 38. Rd1 Kf5 39.
Rd7 Rb6 40. b3 h5 41. Rd5+ Kg4 42. Kxe4 Re6+ 43. Kd3 Re1 44. c4 Rh1 45. c5 Rxh2
46. Rd7 Rxa2 47. Rxb7 Ra6 48. b4 h4 49. b5 Ra3+ 50. Kc2 h3 51. c6 1-0

[Event "Tradewise Gibraltar 2016 - Chalengers A"]
[Site "Gibraltar ENG"]
[Date "2016.01.27"]
[Round "3.13"]
[White "Carlsten, Peter"]
[Black "House, Glenn L"]
[Result "0-1"]
[WhiteElo "2074"]
[BlackElo "2226"]
[PlyCount "117"]
[EventDate "2016.01.25"]
[EventType "swiss"]
[EventRounds "5"]
[EventCountry "ENG"]
[Source "lmi"]
[SourceDate "2016.01.25"]

1. e4 c5 2. Nf3 e6 3. d4 cxd4 4. Nxd4 Nf6 5. Bd3 Nc6 6. Nb3 d5 7. exd5 exd5 8.
O-O Be7 9. h3 O-O 10. Bf4 Be6 11. N1d2 Qb6 12. Nf3 Rfe8 13. Re1 Rad8 14. Be3
Qc7 15. Nfd4 a6 16. c3 Ne5 17. Bc2 Nc4 18. Bc1 Bc8 19. Nf5 Bf8 20. Rxe8 Rxe8
21. Nbd4 Bxf5 22. Nxf5 Bc5 23. b3 Ne5 24. Bf4 Qb6 25. Be3 Bxe3 26. Nxe3 Qc5 27.
Qd4 Qxd4 28. cxd4 Nc6 29. Rd1 Kf8 30. Kf1 g6 31. g4 Rd8 32. a3 Ke7 33. b4 Kd6
34. Bb3 h6 35. f3 Rd7 36. Ke2 Rc7 37. Kd3 Na7 38. Ba4 Nc8 39. h4 b5 40. Bb3 Nb6
41. h5 Nc4 42. Bxc4 dxc4+ 43. Kc3 Re7 44. Kd2 Nd5 45. Ng2 g5 46. Rf1 f6 47. Re1
Ra7 48. Ne3 Nxe3 49. Rxe3 a5 50. Kc3 a4 51. Re8 Re7 52. Rxe7 Kxe7 53. d5 Kd7
54. Kd4 Kd6 55. Ke4 f5+ 56. gxf5 c3 57. f6 c2 58. f7 Ke7 59. Kd3 0-1

[Event "Tradewise Gibraltar 2016 - Chalengers A"]
[Site "Gibraltar ENG"]
[Date "2016.01.27"]
[Round "3.14"]
[White "Midonet, Matthieu"]
[Black "Weeramantry, Sunil"]
[Result "1/2-1/2"]
[WhiteElo "2211"]
[BlackElo "2099"]
[PlyCount "92"]
[EventDate "2016.01.25"]
[EventType "swiss"]
[EventRounds "5"]
[EventCountry "ENG"]
[Source "lmi"]
[SourceDate "2016.01.25"]

1. e4 d6 2. d4 g6 3. Nc3 Bg7 4. f4 c6 5. Nf3 Bg4 6. Be3 Qb6 7. Qd2 Bxf3 8. gxf3
Nd7 9. O-O-O Qa5 10. Kb1 b5 11. Bd3 Nb6 12. e5 d5 13. b3 Rb8 14. Ka1 Bf8 15.
Nb1 Qxd2 16. Bxd2 e6 17. a3 Ne7 18. Nc3 Nf5 19. Ne2 Bxa3 20. b4 a5 21. bxa5 Nc4
22. Ka2 Be7 23. Kb3 Nxd2+ 24. Rxd2 Ne3 25. c3 Ra8 26. Ra2 Kd7 27. Re1 Ra6 28.
f5 gxf5 29. Rg1 Rha8 30. Rg7 Ke8 31. Rxh7 Rxa5 32. Rh8+ Bf8 33. Rxa5 Rxa5 34.
Kb2 Ra8 35. h4 Kd7 36. Rh7 Ke8 37. Nf4 Ra3 38. Be2 b4 39. cxb4 Nc4+ 40. Bxc4
Rxf3 41. Nh5 dxc4 42. Nf6+ Ke7 43. Rh8 Rb3+ 44. Kc2 f4 45. Rg8 Rxb4 46. Kc3
Rb3+ 1/2-1/2

[Event "Tradewise Gibraltar 2016 - Chalengers A"]
[Site "Gibraltar ENG"]
[Date "2016.01.27"]
[Round "3.15"]
[White "Verneuil, Pascal"]
[Black "Erdelyi, Tamas Dr"]
[Result "0-1"]
[WhiteElo "2205"]
[BlackElo "2082"]
[PlyCount "134"]
[EventDate "2016.01.25"]
[EventType "swiss"]
[EventRounds "5"]
[EventCountry "ENG"]
[Source "lmi"]
[SourceDate "2016.01.25"]

1. e4 c5 2. b3 a6 3. Bb2 d6 4. f4 Nc6 5. Nf3 Bg4 6. Be2 e6 7. O-O Nf6 8. d3 Be7
9. Nbd2 O-O 10. h3 Bxf3 11. Nxf3 Nd7 12. e5 dxe5 13. Nxe5 Ndxe5 14. fxe5 Qc7
15. Bf3 Rad8 16. Bxc6 Qxc6 17. Qg4 Rd7 18. Rae1 g6 19. Kh1 b5 20. Re4 Rc8 21.
Bc1 Qb6 22. Bh6 Bf8 23. Bxf8 Rxf8 24. Rf6 Rc8 25. Qf3 Qd8 26. Ref4 Rcc7 27. Kh2
Qe8 28. Qe2 Rd4 29. Qf2 Rxf4 30. Rxf4 Qd8 31. Qf3 Kg7 32. a4 Qg5 33. Qe4 Rd7
34. Rg4 Qf5 35. Qe3 h6 36. Rh4 g5 37. Re4 Rc7 38. axb5 axb5 39. c4 b4 40. d4
cxd4 41. Qxd4 Rd7 42. Qe3 Qf1 43. Rd4 Ra7 44. Qf3 Qxf3 45. gxf3 Ra2+ 46. Kg3
Rc2 47. c5 Rxc5 48. Rxb4 Rxe5 49. Rb8 h5 50. b4 Re3 51. b5 f5 52. Kf2 Rb3 53.
b6 Kf6 54. b7 Ke5 55. Rg8 Rxb7 56. Rxg5 Kf4 57. Rxh5 Rb2+ 58. Ke1 Kxf3 59. Rh8
e5 60. Rh5 Ke4 61. Rg5 Rh2 62. Rg3 Kf4 63. Rc3 e4 64. Kf1 e3 65. Kg1 Rxh3 66.
Kg2 Rg3+ 67. Kf1 e2+ 0-1

[Event "Tradewise Gibraltar 2016 - Chalengers A"]
[Site "Gibraltar ENG"]
[Date "2016.01.27"]
[Round "3.16"]
[White "Wilen, Eero"]
[Black "Bendayan Claros, Aaron"]
[Result "0-1"]
[WhiteElo "2065"]
[BlackElo "2204"]
[PlyCount "64"]
[EventDate "2016.01.25"]
[EventType "swiss"]
[EventRounds "5"]
[EventCountry "ENG"]
[Source "lmi"]
[SourceDate "2016.01.25"]

1. d4 d5 2. c4 c6 3. Nf3 Nf6 4. Nc3 dxc4 5. a4 Bf5 6. e3 e6 7. Bxc4 Bb4 8. O-O
Nbd7 9. Qe2 O-O 10. Nh4 Bg4 11. f3 Bh5 12. g4 Nd5 13. Ng2 Bg6 14. Bd2 Qa5 15.
Rfc1 N5b6 16. Bb3 e5 17. Nh4 exd4 18. Nxg6 hxg6 19. exd4 Nf6 20. Qd3 Kh8 21.
Na2 Bxd2 22. Rc5 Qxc5 23. dxc5 Rad8 24. Qe2 Rfe8 25. Qf1 Nbd5 26. Nc3 Be3+ 27.
Kh1 g5 28. Ne4 Bf4 29. Re1 Ne3 30. Rxe3 Bxe3 31. Qh3+ Nh7 32. Bxf7 Rd1+ 0-1

[Event "Tradewise Gibraltar 2016 - Chalengers A"]
[Site "Gibraltar ENG"]
[Date "2016.01.27"]
[Round "3.17"]
[White "Lawson, Dominic Ralph"]
[Black "Gaerths, Ronny"]
[Result "0-1"]
[WhiteElo "1988"]
[BlackElo "2192"]
[PlyCount "106"]
[EventDate "2016.01.25"]
[EventType "swiss"]
[EventRounds "5"]
[EventCountry "ENG"]
[Source "lmi"]
[SourceDate "2016.01.25"]

1. b3 d5 2. Bb2 Bg4 3. Nf3 Bxf3 4. exf3 e6 5. g3 Nf6 6. Bg2 g6 7. d3 Bg7 8. Nd2
O-O 9. f4 a5 10. a3 Ne8 11. Bxg7 Nxg7 12. b4 Qf6 13. O-O Nd7 14. c4 c6 15. Nb3
axb4 16. axb4 Qc3 17. Rb1 Qxb4 18. Nd2 Qd6 19. Rxb7 Nc5 20. Rb6 Na4 21. Rb3 Nf5
22. Nf3 Nc5 23. Rb6 Nd7 24. Rb7 Ra3 25. Qc1 Rfa8 26. d4 dxc4 27. Qxc4 R8a4 28.
Qc1 Rxf3 29. Bxf3 Nxd4 30. Qd1 Ra3 31. Bg2 c5 32. Re1 Nf6 33. Re3 Ra2 34. h3
Ne2+ 35. Qxe2 Rxe2 36. Rxe2 c4 37. Ra2 c3 38. Ra8+ Kg7 39. Rc8 Nd5 40. Be4 h5
41. Rb3 Nf6 42. Bc2 h4 43. Rbxc3 Qd4 44. R8c4 Qa7 45. Rc7 Qa1+ 46. Kg2 Nd5 47.
R3c6 hxg3 48. Rd7 gxf2 49. Kxf2 Nxf4 50. Rcc7 Nxh3+ 51. Kg3 Ng5 52. Kg4 Qg1+
53. Kf4 Kf6 0-1

[Event "Tradewise Gibraltar 2016 - Chalengers A"]
[Site "Gibraltar ENG"]
[Date "2016.01.27"]
[Round "3.18"]
[White "Gueler, Sebastian"]
[Black "Odeh, Kenneth"]
[Result "0-1"]
[WhiteElo "2189"]
[BlackElo "2014"]
[PlyCount "62"]
[EventDate "2016.01.25"]
[EventType "swiss"]
[EventRounds "5"]
[EventCountry "ENG"]
[Source "lmi"]
[SourceDate "2016.01.25"]

1. c4 e5 2. Nc3 Nc6 3. Nf3 d6 4. d4 exd4 5. Nxd4 Nf6 6. g3 Be7 7. Nxc6 bxc6 8.
Bg2 Bb7 9. Qb3 Qc8 10. O-O O-O 11. Rd1 Rb8 12. Qa4 c5 13. b3 Bxg2 14. Kxg2 h6
15. Bb2 Re8 16. e4 Bf8 17. Re1 Nd7 18. Re2 Rb6 19. Nb5 Ra6 20. Nxa7 Rxa4 21.
Nxc8 Ra8 22. Nxd6 cxd6 23. Bc3 Ne5 24. f4 Nc6 25. Kf3 g6 26. Rd2 Ra7 27. Re1
Rea8 28. Ree2 Bg7 29. Bxg7 Kxg7 30. Ke3 Nd4 31. Rf2 Re8 0-1

[Event "Tradewise Gibraltar 2016 - Chalengers A"]
[Site "Gibraltar ENG"]
[Date "2016.01.27"]
[Round "3.19"]
[White "Gonzalez Gonzalez, Alfonso"]
[Black "Maloberti, David"]
[Result "1/2-1/2"]
[WhiteElo "2173"]
[BlackElo "2006"]
[PlyCount "149"]
[EventDate "2016.01.25"]
[EventType "swiss"]
[EventRounds "5"]
[EventCountry "ENG"]
[Source "lmi"]
[SourceDate "2016.01.25"]

1. e4 e6 2. d4 d5 3. e5 c5 4. c3 Qb6 5. Nf3 Nc6 6. a3 a5 7. Bd3 Bd7 8. Bc2 Nh6
9. O-O cxd4 10. cxd4 Nf5 11. Bxf5 exf5 12. Nc3 Be6 13. Be3 Be7 14. Qd3 O-O 15.
Rfc1 h6 16. h4 Rfc8 17. Rc2 Qd8 18. g3 Qd7 19. Qd1 Nd8 20. Qf1 b5 21. Ne1 b4
22. Nb5 Rc4 23. a4 Rac8 24. Re2 Qb7 25. b3 R4c6 26. Nd3 Qd7 27. h5 Kh7 28. Rd1
g5 29. f4 g4 30. Qf2 Rb6 31. Nc5 Bxc5 32. dxc5 Rxb5 33. axb5 Qxb5 34. Bd4 Nc6
35. Rc2 Ra8 36. Ra2 Rc8 37. Rc2 Ra8 38. Qe3 Rc8 39. Ra1 Ra8 40. Rca2 Rc8 41.
Rc1 Ra8 42. Qd2 Rc8 43. Kf2 Rb8 44. Ke3 Rb7 45. Qc2 Rb8 46. Rh1 Rc8 47. Raa1
Rb8 48. Raf1 Ra8 49. Ra1 Rc8 50. Ra2 Rb8 51. Qb1 Rc8 52. Rc1 Rb8 53. Rac2 Rc8
54. Qa2 Ra8 55. Rd2 Rc8 56. Rh1 Ra8 57. Rhh2 Rc8 58. Rh4 Ra8 59. Qb1 Qa6 60.
Ra2 Qb5 61. Ra4 Kh8 62. Rh2 Kh7 63. Rha2 Rc8 64. Rc2 Rb8 65. Qa1 Rc8 66. Rca2
Ra8 67. Qd1 Re8 68. Rc2 Rg8 69. Rc1 Rc8 70. Qd3 Qxd3+ 71. Kxd3 Rb8 72. Rca1 Rb5
73. Re1 Kg8 74. Be3 Kf8 75. Bd4 1/2-1/2

[Event "Tradewise Gibraltar 2016 - Chalengers A"]
[Site "Gibraltar ENG"]
[Date "2016.01.27"]
[Round "3.20"]
[White "Goncalves, Jose Antonio Silvei"]
[Black "Ajele, Rotimi"]
[Result "0-1"]
[WhiteElo "1984"]
[BlackElo "2163"]
[PlyCount "84"]
[EventDate "2016.01.25"]
[EventType "swiss"]
[EventRounds "5"]
[EventCountry "ENG"]
[Source "lmi"]
[SourceDate "2016.01.25"]

1. d4 Nf6 2. c4 g6 3. Nc3 d5 4. cxd5 Nxd5 5. e4 Nxc3 6. bxc3 Bg7 7. Bc4 c5 8.
Be3 Nc6 9. Ne2 O-O 10. Qd2 Qa5 11. Rd1 Rd8 12. h4 Ne5 13. Bd5 e6 14. dxe5 exd5
15. exd5 Bxe5 16. Bf4 Bg7 17. c4 Qa4 18. Bc7 Re8 19. Rc1 b5 20. O-O bxc4 21. d6
Bd7 22. Nc3 Qc6 23. h5 Re5 24. h6 Bf8 25. Rcd1 Rae8 26. Nd5 R8e6 27. f4 Re2 28.
Qc3 Bxh6 29. f5 Be3+ 30. Kh2 gxf5 31. Rxf5 Rh6+ 32. Kg3 Rg6+ 33. Kh4 Bd4 34.
Qf3 Bxf5 35. Qxf5 Kg7 36. d7 Rgxg2 37. d8=Q Qh6+ 38. Qh5 Re4+ 39. Nf4 Rxf4+ 40.
Kh3 Qxh5+ 41. Kxg2 Qg4+ 42. Kh1 Qh3# 0-1

[Event "Tradewise Gibraltar 2016 - Chalengers A"]
[Site "Gibraltar ENG"]
[Date "2016.01.27"]
[Round "3.21"]
[White "Ranaivoharisoa, Alain"]
[Black "Burke, Mitchell R"]
[Result "1/2-1/2"]
[WhiteElo "2160"]
[BlackElo "2002"]
[PlyCount "80"]
[EventDate "2016.01.25"]
[EventType "swiss"]
[EventRounds "5"]
[EventCountry "ENG"]
[Source "lmi"]
[SourceDate "2016.01.25"]

1. e4 c5 2. Nf3 d6 3. d4 cxd4 4. Qxd4 a6 5. c4 Nc6 6. Qd2 Nf6 7. Nc3 g6 8. b3
Bg7 9. Bb2 O-O 10. Be2 Qa5 11. Rb1 b5 12. a3 b4 13. axb4 Qxb4 14. O-O Rb8 15.
Qd3 Nd7 16. Nd5 Qxb3 17. Bc3 Qa3 18. Ra1 Qc5 19. Qd2 Bxc3 20. Qxc3 e6 21. Ne3
Nde5 22. Rfd1 Rd8 23. Ra2 Rb6 24. Rad2 Nxf3+ 25. Bxf3 a5 26. Qf6 h5 27. g4 Qe5
28. Qh4 Qf4 29. Qg3 Qxg3+ 30. hxg3 Ne5 31. Be2 Rc6 32. gxh5 gxh5 33. f4 Ng4 34.
Bxg4 hxg4 35. e5 d5 36. cxd5 exd5 37. Nxd5 Kg7 38. f5 Re8 39. f6+ Kh6 40. Ne7
Rc3 1/2-1/2

[Event "Tradewise Gibraltar 2016 - Chalengers A"]
[Site "Gibraltar ENG"]
[Date "2016.01.27"]
[Round "3.22"]
[White "Lung, Liviu-Catalin"]
[Black "Roman Lopez, Jesus"]
[Result "0-1"]
[WhiteElo "2141"]
[BlackElo "1984"]
[PlyCount "78"]
[EventDate "2016.01.25"]
[EventType "swiss"]
[EventRounds "5"]
[EventCountry "ENG"]
[Source "lmi"]
[SourceDate "2016.01.25"]

1. e4 e5 2. Nf3 Nc6 3. Bb5 f5 4. d3 Nf6 5. O-O Bc5 6. b4 Bb6 7. Bc4 fxe4 8.
dxe4 d6 9. Ng5 Rf8 10. Nxh7 Rh8 11. Ng5 Qe7 12. Bf7+ Kf8 13. Nc3 Bd4 14. Qf3
Bg4 15. Qg3 Nxb4 16. Rb1 c5 17. Nd5 Nbxd5 18. Bxd5 Nxd5 19. exd5 Bf5 20. Qf3 g6
21. Re1 Kg8 22. Re2 Rf8 23. Qg3 b6 24. Rb3 c4 25. Rf3 Rf6 26. Ne4 Bxe4 27. Rxe4
Rxf3 28. Qxg6+ Qg7 29. Qxg7+ Kxg7 30. gxf3 b5 31. Be3 Bxe3 32. fxe3 Kf6 33. Rg4
Rc8 34. Kf2 b4 35. Ke2 a5 36. Kd2 a4 37. Rh4 Rc5 38. Rh6+ Ke7 39. Rh7+ Kf6 0-1

[Event "Tradewise Gibraltar 2016 - Chalengers A"]
[Site "Gibraltar ENG"]
[Date "2016.01.27"]
[Round "3.24"]
[White "Nordquelle, Daniel"]
[Black "Cramling Bellon, Anna"]
[Result "1/2-1/2"]
[WhiteElo "2102"]
[BlackElo "1830"]
[PlyCount "85"]
[EventDate "2016.01.25"]
[EventType "swiss"]
[EventRounds "5"]
[EventCountry "ENG"]
[Source "lmi"]
[SourceDate "2016.01.25"]

1. e4 c5 2. c3 Nf6 3. e5 Nd5 4. d4 cxd4 5. Nf3 e6 6. cxd4 d6 7. Bd2 Nc6 8. Nc3
dxe5 9. dxe5 Nxc3 10. Bxc3 Qxd1+ 11. Rxd1 a6 12. Bd3 Nb4 13. Bc4 b5 14. Bb3 Bb7
15. O-O Nd5 16. Bd4 Be7 17. Bc2 Rc8 18. Be4 O-O 19. Nd2 Rfd8 20. Nb3 Rd7 21. f4
Nb4 22. Bb1 Rcd8 23. Rc1 Bd5 24. Bb6 Rb8 25. Bc7 Rc8 26. Ba5 Rxc1 27. Rxc1 g6
28. Nc5 Bxc5+ 29. Rxc5 Nc6 30. Bc3 Ne7 31. Kf2 Bb7 32. g3 Nf5 33. Bc2 Kg7 34.
g4 Nd4 35. Bd1 Kg8 36. Ke3 Nc6 37. Bb3 Ne7 38. a3 Nd5+ 39. Bxd5 Bxd5 40. Rc8+
Kg7 41. f5 Kh6 42. Kf4 gxf5 43. Rg8 1/2-1/2

[Event "Tradewise Gibraltar 2016 - Chalengers A"]
[Site "Gibraltar ENG"]
[Date "2016.01.27"]
[Round "3.25"]
[White "Eagleton, Greg T"]
[Black "Byron, Alan M"]
[Result "1-0"]
[WhiteElo "1981"]
[BlackElo "2175"]
[PlyCount "75"]
[EventDate "2016.01.25"]
[EventType "swiss"]
[EventRounds "5"]
[EventCountry "ENG"]
[Source "lmi"]
[SourceDate "2016.01.25"]

1. d4 Nf6 2. c4 g6 3. Nc3 Bg7 4. e4 d6 5. f3 O-O 6. Be3 c6 7. Qd2 a6 8. g4 e5
9. d5 cxd5 10. cxd5 b5 11. O-O-O Nbd7 12. Bd3 Qc7 13. Kb1 Nc5 14. h4 h5 15.
gxh5 Nxh5 16. Nce2 Bd7 17. Rc1 a5 18. Nh3 Rfc8 19. Nf2 Qb7 20. Rhg1 b4 21. Bc4
Rc7 22. Nd3 Na4 23. Bb3 Rac8 24. Rxc7 Rxc7 25. Rc1 Rxc1+ 26. Qxc1 Bf6 27. Bf2
Kg7 28. Qg1 Qb5 29. Ndc1 Bd8 30. Bc2 Qb7 31. Bd3 Bb5 32. Qd1 Bd7 33. Nb3 Nf6
34. Qc1 Bb5 35. Qc2 Nd7 36. Nec1 Bxd3 37. Nxd3 Qb5 38. Nd2 1-0